000
00291nam a22001097a 4500
008
160613b xxu||||| |||| 00| 0 eng d
020
_a
9780323074612
041
_a
eng
080
_a
618.2
245
_a
Priorities in critical care nursing:
_c
Linda D. Urden; Kathleen M. Stacy;
942
_2
udc
_c
BK
999
_c
2468
_d
2468